[Event "EU-Cup (Women) 27th"]
[Site "Durres"]
[Date "2023.10.04"]
[Round "4.4"]
[White "Efroimski, Marsel"]
[Black "Kantane, Anna"]
[Result "1-0"]
[WhiteElo "2447"]
[BlackElo "2260"]
[PlyCount "77"]
[EventDate "2023.10.01"]
[EventType "team-swiss"]
[EventRounds "7"]
[EventCountry "ALB"]
[SourceTitle "EXT 2024"]
[Source "ChessBase"]
[SourceDate "2023.10.10"]
[SourceVersion "1"]
[SourceVersionDate "2023.10.10"]
[SourceQuality "1"]
[WhiteTeam "Superchess"]
[BlackTeam "Panevezys (W)"]
[WhiteTeamCountry "ROU"]
[BlackTeamCountry "LTU"]

1. e4 e5 2. Nf3 Nc6 3. Bb5 a6 4. Ba4 Nf6 5. Nc3 Bc5 6. d3 b5 7. Bb3 d6 8. Nd5 h6 9. c3 0-0 10. Nxf6+ Qxf6 11. Bd5 Bd7 12. Rg1 Qe7 13. g4 Rab8 14. g5 g6 15. gxh6 Kh8 16. Bg5 f6 17. Bd2 Qh7 18. b4 Bb6 19. h4 Ne7 20. Bb3 Ng8 21. Qc1 a5 22. bxa5 Bxa5 23. Ke2 c5 24. Be3 c4 25. dxc4 bxc4 26. Bc2 Bxc3 27. Rb1 Bb5 28. Qa3 Bd4 29. Bxd4 exd4 30. Nxd4 Qxh6 31. Nxb5 Qh5+ 32. Qf3 Rxb5 33. Rxb5 Qxb5 34. Rxg6 Qe5 35. Qg4 Rb8 36. f4 Qe7 37. e5 f5 38. Bxf5 Rb2+ 39. Kd1 1-0

[Event "CAN Transnational op"]
[Site "Montreal"]
[Date "2023.06.11"]
[Round "8"]
[White "Kantane, Anna"]
[Black "Lenderman, Aleksandr"]
[Result "0-1"]
[WhiteElo "2260"]
[BlackElo "2566"]
[PlyCount "62"]
[EventDate "2023.06.06"]
[EventType "swiss"]
[EventRounds "9"]
[EventCountry "CAN"]
[SourceTitle "CBM 214 Extra"]
[Source "ChessBase"]
[SourceDate "2023.07.31"]
[SourceVersion "1"]
[SourceVersionDate "2023.07.31"]
[SourceQuality "1"]

1. e4 c5 2. Nf3 Nc6 3. d4 cxd4 4. Nxd4 e5 5. Nb5 d6 6. a4 a6 7. N5c3 Nf6 8. Bg5 Be7 9. Bxf6 Bxf6 10. Nd5 0-0 11. Nbc3 Be6 12. Be2 Nd4 13. 0-0 g6 14. a5 Rc8 15. Bd3 Bg7 16. Nb6 Rc5 17. Qd2 Qh4 18. Ncd5 Nf3+ 19. gxf3 Bh6 20. Ne3 Bf4 21. Rfe1 Qh3 22. Red1 Bxh2+ 23. Kh1 Bf4+ 24. Kg1 g5 25. Qe1 Kh8 26. Nf1 g4 27. Ng3 gxf3 28. Bf1 Qg4 29. Ra3 Rxc2 30. Rdd3 Bxg3 31. Rxf3 Bxf2+ 0-1

[Event "CAN Transnational op"]
[Site "Montreal"]
[Date "2023.06.08"]
[Round "3"]
[White "Neiksans, Arturs"]
[Black "Kantane, Anna"]
[Result "1-0"]
[WhiteElo "2605"]
[BlackElo "2260"]
[PlyCount "87"]
[EventDate "2023.06.06"]
[EventType "swiss"]
[EventRounds "9"]
[EventCountry "CAN"]
[SourceTitle "CBM 214 Extra"]
[Source "ChessBase"]
[SourceDate "2023.07.31"]
[SourceVersion "1"]
[SourceVersionDate "2023.07.31"]
[SourceQuality "1"]

1. e4 e5 2. Nf3 Nc6 3. Bc4 Nf6 4. d3 Bc5 5. c3 d6 6. 0-0 a6 7. a4 Ba7 8. Re1 h6 9. Nbd2 Ne7 10. Nf1 Ng6 11. Ng3 0-0 12. h3 c6 13. Bb3 Be6 14. d4 exd4 15. cxd4 Bxb3 16. Qxb3 Qd7 17. Qc2 Rae8 18. Be3 d5 19. e5 Nh7 20. Nf5 c5 21. Nd6 cxd4 22. Bxd4 Bxd4 23. Nxe8 Ba7 24. Nd6 Nxe5 25. Nxe5 Qxd6 26. Rad1 Nf6 27. Ng4 Nxg4 28. hxg4 g6 29. Qb3 Qf4 30. Qf3 Qxa4 31. Rxd5 Qb4 32. Re2 b5 33. g3 Qc4 34. Kg2 Bc5 35. Qe4 Qxe4+ 36. Rxe4 Rc8 37. Rd7 Bf8 38. Rf4 Bg7 39. b3 a5 40. Rfxf7 Bb2 41. Ra7 a4 42. bxa4 bxa4 43. Rfb7 a3 44. Rb6 1-0

[Event "LTU-chT (Women)"]
[Site "Lithuania"]
[Date "2023.04.22"]
[Round "4"]
[White "Sukyte, Kotryna"]
[Black "Kantane, Anna"]
[Result "0-1"]
[WhiteElo "1710"]
[BlackElo "2252"]
[PlyCount "80"]
[EventDate "2023.03.04"]
[EventType "team-swiss"]
[EventRounds "6"]
[EventCountry "LTU"]
[SourceTitle "EXT 2024"]
[Source "ChessBase"]
[SourceDate "2023.10.10"]
[SourceVersion "1"]
[SourceVersionDate "2023.10.10"]
[SourceQuality "1"]
[WhiteTeam "Vilnius Tauras (W)"]
[BlackTeam "Panevezys (W)"]
[WhiteTeamCountry "LTU"]
[BlackTeamCountry "LTU"]

1. d4 Nf6 2. c4 c5 3. d5 e6 4. Nc3 exd5 5. cxd5 d6 6. Nf3 g6 7. h3 Bg7 8. e4 0-0 9. Bd3 a6 10. a4 Nbd7 11. 0-0 Rb8 12. Bf4 Qe7 13. a5 Ne8 14. Re1 Nc7 15. Qb3 b5 16. axb6 Rxb6 17. Qc2 Nb5 18. Ra5 Nd4 19. Nxd4 Bxd4 20. Be3 Ne5 21. Bf1 Qf6 22. Bxd4 cxd4 23. Na4 Rb8 24. Qd2 d3 25. Bxd3 Bxh3 26. Bf1 Bxg2 27. Bxg2 Nc4 28. Qd3 Nxa5 29. Qxa6 Qd8 30. Qe2 Nb3 31. Nc3 Re8 32. Qg4 Nc5 33. Re2 Nd3 34. Nd1 Qf6 35. Qg3 Nf4 36. Re3 Re5 37. Qf3 Rg5 38. Kf1 Rxg2 39. b3 Qg5 40. Nb2 Rg1# 0-1

[Event "POL-ch Ekstraliga-A Rapid"]
[Site "Bydgoszcz"]
[Date "2022.03.12"]
[Round "8.4"]
[White "Bartel, Marta"]
[Black "Kantane, Anna"]
[Result "1/2-1/2"]
[WhiteElo "2192"]
[BlackElo "2252"]
[PlyCount "108"]
[EventDate "2022.03.11"]
[EventType "team-tourn (rapid)"]
[EventRounds "10"]
[EventCountry "POL"]
[SourceTitle "CBM 207 Extra"]
[Source "ChessBase"]
[SourceDate "2022.05.31"]
[SourceVersion "1"]
[SourceVersionDate "2022.05.31"]
[SourceQuality "1"]
[WhiteTeam "Wisznia Mala Bialy Krol"]
[BlackTeam "Gliwice Akademia Szachowa"]
[WhiteTeamCountry "POL"]
[BlackTeamCountry "POL"]

1. d4 Nf6 2. Nf3 c5 3. d5 e6 4. c4 exd5 5. cxd5 d6 6. Nc3 g6 7. Bf4 a6 8. a4 Bg7 9. h3 0-0 10. e3 Ne8 11. Be2 Nd7 12. 0-0 Rb8 13. Nd2 Ne5 14. Bg3 f5 15. Qc2 Bd7 16. a5 Nc7 17. Rab1 Nb5 18. f4 Nf7 19. Nc4 Re8 20. Bf2 Nxc3 21. bxc3 Bb5 22. Rxb5 axb5 23. Nb6 Ra8 24. Nxa8 Qxa5 25. Nc7 Qxc7 26. Bxb5 Ra8 27. c4 Nh6 28. Re1 Kh8 29. e4 fxe4 30. Qxe4 Qf7 31. g3 Bc3 32. Re2 Nf5 33. Kg2 Nd4 34. Bxd4+ Bxd4 35. Qe6 Kg7 36. Qxf7+ Kxf7 37. Re6 Ra2+ 38. Kf1 Ra1+ 39. Ke2 Ra2+ 40. Kd1 Ra1+ 41. Kc2 Ra2+ 42. Kb3 Rg2 43. Rxd6 Rxg3+ 44. Kc2 Rxh3 45. Rd7+ Kf6 46. Rxb7 Rf3 47. Rxh7 Rxf4 48. d6 Ke6 49. d7 Bf6 50. Rh1 Rd4 51. Re1+ Kf5 52. Rf1+ Ke6 53. Re1+ Kf5 54. Rf1+ Ke5 1/2-1/2

[Event "POL-ch Ekstraliga-A Rapid"]
[Site "Bydgoszcz"]
[Date "2022.03.12"]
[Round "6.4"]
[White "Kantane, Anna"]
[Black "Sliwicka, Alicja"]
[Result "0-1"]
[WhiteElo "2252"]
[BlackElo "2274"]
[PlyCount "64"]
[EventDate "2022.03.11"]
[EventType "team-tourn (rapid)"]
[EventRounds "10"]
[EventCountry "POL"]
[SourceTitle "CBM 207 Extra"]
[Source "ChessBase"]
[SourceDate "2022.05.31"]
[SourceVersion "1"]
[SourceVersionDate "2022.05.31"]
[SourceQuality "1"]
[WhiteTeam "Gliwice Akademia Szachowa"]
[BlackTeam "Bydgoszcz Hetman"]
[WhiteTeamCountry "POL"]
[BlackTeamCountry "POL"]

1. e4 c5 2. Nf3 d6 3. d4 cxd4 4. Nxd4 Nf6 5. Nc3 Bd7 6. Bg5 e6 7. Qd2 a6 8. 0-0-0 h6 9. Be3 Ng4 10. f4 Nxe3 11. Qxe3 Nc6 12. h4 Qc7 13. Nxc6 bxc6 14. h5 Be7 15. g4 Qb7 16. Rd3 e5 17. Kb1 exf4 18. Qxf4 Be6 19. Bg2 Rb8 20. Nd1 0-0 21. e5 dxe5 22. Qe3 Bg5 23. Qe2 Bc4 24. Be4 Bxd3 25. cxd3 Qd7 26. Rf1 Rb4 27. Bf5 Qd4 28. Qc2 Rfb8 29. Re1 Qf4 30. Qxc6 Qd2 31. Qc3 Rxb2+ 32. Nxb2 Qxc3 0-1

[Event "Speed Chess (Women) Q2"]
[Site "Chess.com INT"]
[Date "2020.06.19"]
[Round "3"]
[White "Schut, Lisa"]
[Black "Kantane, Anna"]
[Result "0-1"]
[WhiteElo "2259"]
[BlackElo "2252"]
[PlyCount "124"]
[EventDate "2020.06.19"]
[EventType "swiss (blitz)"]
[EventRounds "13"]
[EventCountry "USA"]
[SourceTitle "CBM 196 Extra"]
[Source "ChessBase"]
[SourceDate "2020.07.31"]
[SourceVersion "1"]
[SourceVersionDate "2020.07.31"]
[SourceQuality "1"]

1. e4 e5 2. Nf3 Nc6 3. Bc4 Nf6 4. d4 exd4 5. e5 Ng4 6. 0-0 d6 7. exd6 Qxd6 8. Re1+ Be7 9. Bg5 0-0 10. Bxe7 Nxe7 11. Qxd4 Nf5 12. Qxg4 Ne3 13. Qh4 Nxc2 14. Nc3 Nxa1 15. Ng5 Bf5 16. Rxa1 h6 17. Nge4 Qb6 18. Bb3 Rad8 19. Re1 Rfe8 20. Nd5 Qa5 21. Nef6+ Kh8 22. Rxe8+ Rxe8 23. h3 Qe1+ 24. Kh2 Rf8 25. Ng4 Bxg4 26. hxg4 Qe5+ 27. g3 Qxb2 28. Kg2 c6 29. Nf4 Qd4 30. g5 Qe4+ 31. Kh2 Qd4 32. gxh6 Qxf2+ 33. Ng2 Re8 34. hxg7+ Kxg7 35. Qg5+ Kf8 36. Qh6+ Kg8 37. Qg5+ Kf8 38. Qh6+ Kg8 39. Bc4 Re6 40. Bxe6 fxe6 41. Qxe6+ Kf8 42. Qd6+ Ke8 43. Qf4 Qxa2 44. Kh3 Qe6+ 45. g4 Qb3+ 46. Ne3 a5 47. g5 a4 48. g6 Qg8 49. Qe4+ Kd8 50. Kg4 a3 51. Qd3+ Kc8 52. Kg5 a2 53. Qa3 Qd8+ 54. Kh6 Qh8+ 55. Kg5 Qd8+ 56. Kg4 Qh8 57. Nf5 Qf6 58. g7 a1Q 59. Kf4 Qae5+ 60. Kg4 Qexf5+ 61. Kg3 Q6g6+ 62. Kh4 Qfh5# 0-1

[Event "Titled Tuesday intern op 9th June"]
[Site "Chess.com INT"]
[Date "2020.06.09"]
[Round "3"]
[White "Kantane, Anna"]
[Black "Eynullayev, Altay Elshan"]
[Result "1-0"]
[WhiteElo "2252"]
[BlackElo "2227"]
[PlyCount "39"]
[EventDate "2020.06.09"]
[EventType "swiss (blitz)"]
[EventRounds "10"]
[EventCountry "USA"]
[SourceTitle "CBM 196 Extra"]
[Source "ChessBase"]
[SourceDate "2020.07.31"]
[SourceVersion "1"]
[SourceVersionDate "2020.07.31"]
[SourceQuality "1"]

1. e4 e5 2. Nf3 Nc6 3. Bb5 Nf6 4. d3 Bc5 5. h3 Nd4 6. Nxd4 Bxd4 7. c3 Bb6 8. a4 c6 9. Bc4 d5 10. exd5 cxd5 11. Bb3 0-0 12. 0-0 Bf5 13. Bg5 Be6 14. Nd2 h6 15. Bh4 Re8 16. Qf3 e4 17. dxe4 dxe4 18. Nxe4 Bxb3 19. Nxf6+ Kf8 20. Nh7+ 1-0

[Event "POL-chT 1st League"]
[Site "Dzwirzyno"]
[Date "2019.09.14"]
[Round "8.3"]
[White "Kantane, Anna"]
[Black "Kulon, Klaudia"]
[Result "1/2-1/2"]
[WhiteElo "2273"]
[BlackElo "2339"]
[PlyCount "23"]
[EventDate "2019.09.07"]
[EventType "team-tourn"]
[EventRounds "9"]
[EventCountry "POL"]
[SourceTitle "EXT 2020"]
[Source "ChessBase"]
[SourceDate "2019.10.17"]
[SourceVersion "1"]
[SourceVersionDate "2019.10.17"]
[SourceQuality "1"]
[WhiteTeam "Plock Hetman"]
[BlackTeam "Wrzos Miedzyborow"]
[WhiteTeamCountry "POL"]
[BlackTeamCountry "POL"]

1. e4 e5 2. Nf3 Nc6 3. Bb5 a6 4. Ba4 Nf6 5. 0-0 Be7 6. Bxc6 dxc6 7. d3 Nd7 8. Nbd2 c5 9. Nc4 f6 10. a4 Nb8 11. Nh4 Be6 12. Nf5 1/2-1/2

[Event "POL-chT 1st League"]
[Site "Dzwirzyno"]
[Date "2019.09.13"]
[Round "7.4"]
[White "Worek, Joanna"]
[Black "Kantane, Anna"]
[Result "0-1"]
[WhiteElo "2308"]
[BlackElo "2273"]
[PlyCount "62"]
[EventDate "2019.09.07"]
[EventType "team-tourn"]
[EventRounds "9"]
[EventCountry "POL"]
[SourceTitle "EXT 2020"]
[Source "ChessBase"]
[SourceDate "2019.10.17"]
[SourceVersion "1"]
[SourceVersionDate "2019.10.17"]
[SourceQuality "1"]
[WhiteTeam "Pawlowice Gminy"]
[BlackTeam "Plock Hetman"]
[WhiteTeamCountry "POL"]
[BlackTeamCountry "POL"]

1. e4 e5 2. Nf3 Nc6 3. Bb5 a6 4. Ba4 Nf6 5. 0-0 Be7 6. Re1 b5 7. Bb3 0-0 8. c3 d5 9. d4 exd4 10. e5 Ne4 11. cxd4 Bb4 12. Re2 Bg4 13. Qd3 Bxf3 14. gxf3 Ng5 15. Kh1 Ne6 16. Be3 Ncxd4 17. Nc3 Bxc3 18. bxc3 Nxe2 19. Qxe2 c6 20. Rg1 Qh4 21. Bc2 f6 22. Rg4 Qh5 23. Bd4 f5 24. Rg1 f4 25. Qd3 Rae8 26. Bb6 g6 27. c4 bxc4 28. Qc3 d4 29. Qxc4 Qxf3+ 30. Rg2 Kg7 31. a4 Qc3 0-1

[Event "POL-chT 1st League"]
[Site "Dzwirzyno"]
[Date "2019.09.11"]
[Round "5.5"]
[White "Gosciniak, Maria"]
[Black "Kantane, Anna"]
[Result "1/2-1/2"]
[WhiteElo "2132"]
[BlackElo "2273"]
[PlyCount "135"]
[EventDate "2019.09.07"]
[EventType "team-tourn"]
[EventRounds "9"]
[EventCountry "POL"]
[SourceTitle "EXT 2020"]
[Source "ChessBase"]
[SourceDate "2019.10.17"]
[SourceVersion "1"]
[SourceVersionDate "2019.10.17"]
[SourceQuality "1"]
[WhiteTeam "Grzybowo GKSz Solny"]
[BlackTeam "Plock Hetman"]
[WhiteTeamCountry "POL"]
[BlackTeamCountry "POL"]

1. e4 c5 2. Nf3 e6 3. d4 cxd4 4. Nxd4 Nc6 5. Nxc6 bxc6 6. Bd3 d5 7. 0-0 Nf6 8. Nc3 Be7 9. Qe2 Qc7 10. e5 Nd7 11. f4 Nc5 12. Kh1 Rb8 13. b3 Nxd3 14. cxd3 0-0 15. Bb2 f6 16. Na4 Qa5 17. Rac1 Bd7 18. exf6 Bxf6 19. Nc5 Qd8 20. Bxf6 Rxf6 21. Qe5 Rc8 22. Qd6 Be8 23. Qxd8 Rxd8 24. d4 Bg6 25. g3 h5 26. h4 Kf8 27. Rfe1 Ke7 28. Re3 Rc8 29. Kg1 Kd6 30. Rec3 Rb8 31. a3 Rff8 32. b4 Rfc8 33. Nb3 Rb6 34. Re1 Rf8 35. Rce3 Rf6 36. Nc5 Bf5 37. Rb3 Rf8 38. Kf2 Bg4 39. Rbe3 Rf6 40. Nd3 Bf5 41. Nc5 Rh6 42. R1e2 Rf6 43. Rb2 Rf8 44. Reb3 Re8 45. a4 Reb8 46. Ke1 Rf8 47. Kd2 Rf6 48. b5 Rg6 49. Re3 Rf6 50. Reb3 Rg6 51. bxc6 Rxc6 52. Rb7 Rxc5 53. dxc5+ Kxc5 54. R2b3 d4 55. Rxa7 d3 56. Ra5+ Kc6 57. Ra6+ Kc7 58. Ra7+ Kc6 59. Rbb7 Rxg3 60. Rxg7 Rf3 61. Rg2 Rxf4 62. Rh2 Kb6 63. Ra8 Kb7 64. Ra5 Kb6 65. Rb5+ Kc6 66. Ra5 Kb6 67. Ra8 Kb7 68. Ra5 1/2-1/2

[Event "Lanzarote op"]
[Site "Lanzarote"]
[Date "2019.06.27"]
[Round "5"]
[White "Guerra Arrocha, Daniel"]
[Black "Kantane, Anna"]
[Result "0-1"]
[WhiteElo "2100"]
[BlackElo "2278"]
[PlyCount "50"]
[EventDate "2019.06.24"]
[EventType "swiss"]
[EventRounds "9"]
[EventCountry "ESP"]
[SourceTitle "CBM 191 Extra"]
[Source "ChessBase"]
[SourceDate "2019.09.30"]
[SourceVersion "1"]
[SourceVersionDate "2019.09.30"]
[SourceQuality "1"]

1. Nf3 Nf6 2. g3 g6 3. Bg2 Bg7 4. 0-0 0-0 5. d4 d5 6. c4 Nc6 7. cxd5 Nxd5 8. e4 Nb6 9. d5 Na5 10. Nc3 Bd7 11. e5 Bg4 12. Re1 c6 13. dxc6 Qxd1 14. Nxd1 Nxc6 15. Nc3 Nc4 16. Bf4 Nxb2 17. Reb1 Nd3 18. Rxb7 Bxf3 19. Bxf3 Ncxe5 20. Bxe5 Nxe5 21. Be4 Rac8 22. Rc1 Rc4 23. Bd5 Rc5 24. Rxe7 Nd3 25. Rc2 Nb4 0-1

[Event "Llucmajor op 8th"]
[Site "Llucmajor"]
[Date "2019.05.19"]
[Round "2"]
[White "Kantane, Anna"]
[Black "Bernadskiy, Vitaliy"]
[Result "0-1"]
[WhiteElo "2278"]
[BlackElo "2572"]
[PlyCount "120"]
[EventDate "2019.05.19"]
[EventType "swiss"]
[EventRounds "9"]
[EventCountry "ESP"]
[SourceTitle "CBM 190 Extra"]
[Source "ChessBase"]
[SourceDate "2019.07.15"]
[SourceVersion "1"]
[SourceVersionDate "2019.07.15"]
[SourceQuality "1"]

1. e4 Nf6 2. e5 Nd5 3. d4 d6 4. c4 Nb6 5. exd6 exd6 6. h3 Be7 7. Nf3 0-0 8. Be2 Bf6 9. Nc3 Bf5 10. 0-0 Nc6 11. Bf4 Re8 12. Re1 a5 13. Rc1 a4 14. Nb5 Qd7 15. Bh2 Be4 16. c5 Bxf3 17. Bxf3 Rxe1+ 18. Qxe1 Re8 19. Qd1 dxc5 20. dxc5 Qxd1+ 21. Rxd1 Nc4 22. Nxc7 Rd8 23. Rxd8+ Bxd8 24. b3 Nd2 25. Bxc6 axb3 26. axb3 bxc6 27. Na6 Nxb3 28. Nb8 Na5 29. Be5 Be7 30. Bc3 Nb3 31. Nxc6 Bxc5 32. Kf1 f6 33. Ke2 Kf7 34. f3 Ke6 35. Kd3 Nc1+ 36. Kd2 Na2 37. Bd4 Bd6 38. Bb2 Kd5 39. Na7 Nb4 40. Bc3 Kc4 41. Bxb4 Bxb4+ 42. Ke2 Kc5 43. Kd3 Ba3 44. Kc3 Kb6 45. Kb3 Bf8 46. Kc4 Kxa7 47. Kd5 Bb4 48. Ke6 Bc3 49. f4 Kb6 50. Kf7 f5 51. Kg8 h6 52. Kf7 h5 53. Kg6 h4 54. Kxf5 Kc5 55. Kg5 Bf6+ 56. Kg4 Kd5 57. g3 hxg3 58. Kxg3 Ke4 59. Kg4 g6 60. h4 Bxh4 0-1

[Event "LAT-chT"]
[Site "Riga"]
[Date "2018.06.09"]
[Round "2.6"]
[White "Reizniece Ozola, Dana"]
[Black "Kantane, Anna"]
[Result "1/2-1/2"]
[WhiteElo "2294"]
[BlackElo "2264"]
[PlyCount "137"]
[EventDate "2018.06.09"]
[EventType "team-tourn"]
[EventRounds "11"]
[EventCountry "LAT"]
[SourceTitle "CBM 184 Extra"]
[Source "ChessBase"]
[SourceDate "2018.06.28"]
[SourceVersion "1"]
[SourceVersionDate "2018.06.28"]
[SourceQuality "1"]
[WhiteTeam "Ventspils"]
[BlackTeam "Riga Technical Univ"]
[WhiteTeamCountry "LAT"]
[BlackTeamCountry "LAT"]

1. c4 c5 2. Nf3 Nc6 3. d4 cxd4 4. Nxd4 Qb6 5. Nb3 e6 6. Nc3 Nf6 7. Bg5 Be7 8. e4 0-0 9. Be2 Rd8 10. Be3 Qc7 11. 0-0 b6 12. Rc1 Bb7 13. f3 Rac8 14. Qd2 Bd6 15. f4 Bb4 16. e5 Ne4 17. Qc2 Nxc3 18. bxc3 Bf8 19. Bd3 g6 20. Nd4 Bc5 21. Qf2 Ne7 22. Nb5 Bxe3 23. Qxe3 Qc5 24. Qd4 Nf5 25. Bxf5 gxf5 26. Nd6 Rb8 27. Rf2 Qxd4 28. cxd4 Bc6 29. Rb2 Kg7 30. Rc3 Rg8 31. Ra3 Ra8 32. Rd2 Be4 33. Rh3 Rad8 34. Kf2 Rb8 35. Ra3 Ra8 36. Ke3 f6 37. g4 Kf8 38. gxf5 Bxf5 39. exf6 Rg6 40. Rb2 Rh6 41. Rab3 Rxf6 42. c5 Rh6 43. Rg2 Bg6 44. Kd2 Rh4 45. Rf2 Ke7 46. Re3 bxc5 47. dxc5 Rb8 48. Rb3 Rxb3 49. axb3 Rh3 50. b4 Rb3 51. b5 Rd3+ 52. Ke1 Rc3 53. Nc8+ Kd8 54. Nxa7 Rc1+ 55. Kd2 Rxc5 56. Ke3 Kc7 57. Ra2 Kb7 58. Kd4 Rc2 59. Rxc2 Bxc2 60. b6 Kxb6 61. Nc8+ Kc7 62. Ne7 Kd8 63. Ng8 d6 64. Nh6 Ke7 65. Ng4 Bf5 66. Ne3 Kf6 67. Nc4 Ke7 68. Ne3 Kf6 69. Nc4 1/2-1/2

[Event "Stockholm Challenge"]
[Site "Stockholm"]
[Date "2018.05.02"]
[Round "4"]
[White "Thorn, Eric"]
[Black "Kantane, Anna"]
[Result "1-0"]
[WhiteElo "2312"]
[BlackElo "2266"]
[PlyCount "53"]
[EventDate "2018.04.30"]
[EventType "swiss"]
[EventRounds "9"]
[EventCountry "SWE"]
[SourceTitle "CBM 184 Extra"]
[Source "ChessBase"]
[SourceDate "2018.06.28"]
[SourceVersion "1"]
[SourceVersionDate "2018.06.28"]
[SourceQuality "1"]

1. Nf3 c5 2. c4 Nc6 3. Nc3 Nf6 4. g3 e6 5. Bg2 Be7 6. 0-0 0-0 7. d4 cxd4 8. Nxd4 Qb6 9. Be3 Qxb2 10. Ncb5 Qb4 11. Rb1 Qxc4 12. Nxc6 dxc6 13. Nc7 Rb8 14. Bxa7 Bd7 15. Bxb8 Rxb8 16. Qd2 Qa4 17. Rfd1 Qa7 18. e4 e5 19. Qb2 Bd8 20. Qxe5 Rc8 21. Rxd7 Nxd7 22. Qe8+ Nf8 23. Rd1 Qc5 24. Rd7 Qc4 25. Nd5 Bf6 26. Nxf6+ gxf6 27. Qxc8 1-0

[Event "EU-ch (Women) 19th"]
[Site "Stary Smokovec"]
[Date "2018.04.19"]
[Round "11"]
[White "Fataliyeva, Ulviyya Hasil Qizi"]
[Black "Kantane, Anna"]
[Result "1/2-1/2"]
[WhiteElo "2361"]
[BlackElo "2266"]
[PlyCount "55"]
[EventDate "2018.04.08"]
[EventType "swiss"]
[EventRounds "11"]
[EventCountry "SVK"]
[SourceTitle "CBM 184 Extra"]
[Source "ChessBase"]
[SourceDate "2018.06.28"]
[SourceVersion "1"]
[SourceVersionDate "2018.06.28"]
[SourceQuality "1"]

1. e4 e5 2. Nc3 Nf6 3. g3 d5 4. exd5 Nxd5 5. Bg2 Nb6 6. Nf3 Nc6 7. 0-0 Bc5 8. Re1 0-0 9. d3 Re8 10. Be3 Bf8 11. h3 f6 12. Nd2 Be6 13. Nde4 Qd7 14. Kh2 Nd4 15. f4 exf4 16. Bxf4 Rad8 17. Rf1 Nd5 18. Bd2 c5 19. Ne2 Bf7 20. Nf4 Nxf4 21. Bxf4 f5 22. Nc3 b5 23. Rf2 b4 24. Nb1 Ne6 25. Be5 Nd4 26. Bf4 Ne6 27. Be5 Nd4 28. Bf4 1/2-1/2

[Event "EU-ch (Women) 19th"]
[Site "Stary Smokovec"]
[Date "2018.04.16"]
[Round "8"]
[White "Hoolt, Sarah"]
[Black "Kantane, Anna"]
[Result "1-0"]
[WhiteElo "2393"]
[BlackElo "2266"]
[PlyCount "65"]
[EventDate "2018.04.08"]
[EventType "swiss"]
[EventRounds "11"]
[EventCountry "SVK"]
[SourceTitle "CBM 184 Extra"]
[Source "ChessBase"]
[SourceDate "2018.06.28"]
[SourceVersion "1"]
[SourceVersionDate "2018.06.28"]
[SourceQuality "1"]

1. e4 e5 2. Nf3 Nc6 3. Bc4 Nf6 4. d4 exd4 5. e5 d5 6. Bb5 Ne4 7. Nxd4 Bd7 8. Bxc6 bxc6 9. 0-0 Bc5 10. f3 Ng5 11. Be3 Bb6 12. f4 Ne4 13. Nd2 Nxd2 14. Qxd2 c5 15. Nf3 d4 16. Bf2 Bc6 17. a4 a5 18. Qd3 Qd5 19. Rfe1 0-0-0 20. b3 h6 21. Bh4 Rdg8 22. Re2 g5 23. fxg5 Qe6 24. Rf1 hxg5 25. Bg3 c4 26. bxc4 Bxa4 27. Nxd4 Qd7 28. c3 Rd8 29. c5 Bxc5 30. Qa6+ Kb8 31. Rb1+ Bb4 32. Qxa5 c5 33. e6+ 1-0

[Event "EU-ch (Women) 19th"]
[Site "Stary Smokovec"]
[Date "2018.04.14"]
[Round "7"]
[White "Kantane, Anna"]
[Black "Ilyuchyk, Yana"]
[Result "1-0"]
[WhiteElo "2266"]
[BlackElo "2098"]
[PlyCount "137"]
[EventDate "2018.04.08"]
[EventType "swiss"]
[EventRounds "11"]
[EventCountry "SVK"]
[SourceTitle "CBM 184 Extra"]
[Source "ChessBase"]
[SourceDate "2018.06.28"]
[SourceVersion "1"]
[SourceVersionDate "2018.06.28"]
[SourceQuality "1"]

1. e4 c5 2. Nf3 Nc6 3. d4 cxd4 4. Nxd4 Nf6 5. Nc3 d6 6. Bg5 a6 7. Qd2 Nxd4 8. Qxd4 Qa5 9. Bd2 Qc7 10. Bd3 e6 11. a4 Bd7 12. 0-0 Be7 13. a5 Bc6 14. Na4 0-0 15. c4 Nd7 16. Nc3 Rac8 17. Rfc1 Bf6 18. Qe3 Ne5 19. Bf1 Bd7 20. Nd1 Nc6 21. Ra3 Bd4 22. Qg3 Ne5 23. Kh1 Bc6 24. f4 Nd7 25. Nc3 Nc5 26. Re1 f5 27. exf5 exf5 28. b4 Ne4 29. Nxe4 Bxe4 30. Be3 Bxe3 31. Qxe3 d5 32. cxd5 Bxd5 33. Qd4 Be4 34. Rg3 Rf7 35. Kg1 Rd7 36. Qf2 Qc2 37. Re2 Qd1 38. Re1 Qd4 39. Rb3 Qxf2+ 40. Kxf2 Rc2+ 41. Re2 Rc1 42. Reb2 Rdd1 43. Be2 Rg1 44. Bf3 Rgf1+ 45. Kg3 Rc6 46. b5 axb5 47. Rxb5 Rg6+ 48. Kh4 Rh1 49. h3 Bxf3 50. gxf3 Rh6+ 51. Kg5 R6xh3 52. Kxf5 Rh5+ 53. Ke6 Rh6+ 54. Kd7 Kf7 55. Kc7 Rc1+ 56. Kxb7 Rd6 57. a6 Rd7+ 58. Kb6 Ra1 59. Kc6 Re7 60. Rf5+ Kg6 61. Rg5+ Kf6 62. Rb6 h6 63. Re5 Ra7 64. Kb5+ Kf7 65. Rb7+ Rxb7+ 66. axb7 Rb1+ 67. Kc6 g6 68. Rb5 Rc1+ 69. Kb6 1-0

[Event "EU-ch (Women) 19th"]
[Site "Stary Smokovec"]
[Date "2018.04.11"]
[Round "4"]
[White "Voit, Daria"]
[Black "Kantane, Anna"]
[Result "1-0"]
[WhiteElo "2388"]
[BlackElo "2266"]
[PlyCount "41"]
[EventDate "2018.04.08"]
[EventType "swiss"]
[EventRounds "11"]
[EventCountry "SVK"]
[SourceTitle "CBM 184 Extra"]
[Source "ChessBase"]
[SourceDate "2018.06.28"]
[SourceVersion "1"]
[SourceVersionDate "2018.06.28"]
[SourceQuality "1"]

1. d4 Nf6 2. Bg5 d5 3. Nc3 c6 4. f3 Bf5 5. Qd2 Nbd7 6. 0-0-0 Qa5 7. e4 dxe4 8. fxe4 Bg4 9. Be2 0-0-0 10. Bxg4 Nxg4 11. Nf3 Nde5 12. Qf4 Nf2 13. Nxe5 Nxd1 14. Rxd1 f6 15. Nf7 fxg5 16. Qg4+ Kb8 17. Nxh8 e5 18. dxe5 Rxd1+ 19. Qxd1 Bb4 20. Nf7 Bxc3 21. bxc3 1-0

[Event "Kragero op"]
[Site "Kragero"]
[Date "2018.02.23"]
[Round "4"]
[White "Chatalbashev, Boris"]
[Black "Kantane, Anna"]
[Result "1-0"]
[WhiteElo "2571"]
[BlackElo "2254"]
[PlyCount "77"]
[EventDate "2018.02.21"]
[EventType "swiss"]
[EventRounds "9"]
[EventCountry "NOR"]
[SourceTitle "CBM 183 Extra"]
[Source "ChessBase"]
[SourceDate "2018.04.19"]
[SourceVersion "1"]
[SourceVersionDate "2018.04.19"]
[SourceQuality "1"]

1. d4 Nf6 2. Nf3 g6 3. Nbd2 d5 4. e3 Bg7 5. b4 a5 6. b5 a4 7. Ba3 c6 8. c4 cxb5 9. cxb5 Nbd7 10. Rc1 0-0 11. Qc2 Re8 12. Qc7 e6 13. Bd3 Bf8 14. Bxf8 Qxc7 15. Rxc7 Kxf8 16. Ke2 Rd8 17. h4 h5 18. Rhc1 Ne8 19. R7c2 Nd6 20. Ne5 Nb6 21. Ndf3 Bd7 22. Nxd7+ Rxd7 23. Ne5 Rdd8 24. Kd2 Ra5 25. Rc7 Na8 26. R7c5 Nb6 27. f3 Kg7 28. a3 Kf6 29. Kc3 Kg7 30. Kb4 Raa8 31. Rc7 Kg8 32. g4 hxg4 33. fxg4 Rac8 34. h5 Ndc4 35. Nxf7 Rxc7 36. Nxd8 Rd7 37. Nxe6 Nxe3 38. hxg6 Nxg4 39. Rf1 1-0